000 00461cam a2200181ua 4500
003 OSt
008 250108b |||||||| |||| 00| 0 eng d
041 _aeng
082 _a621.384
_bTAS/EL
100 _aTaskeen, S R .
_96865
245 _aElectric radio and transistor guide /
250 _a1 /
260 _aAligarh :
_bSulekha book depot ,
_c1996.
300 _a207 ; .
700 1 _aGupta, S R .
_96866
700 1 _aSourya, S C .
_96867
942 _cBK
999 _c8914
_d8914